000 00866nam a2200265Ia 4500
003 OSt
005 20221005085203.0
006 a|||||r|||| 00| 0
007 ta
008 221004b |||||||| |||| 00| 0 eng d
020 _a9780826433008 (pbk)
_c1867.93
024 _a110699
037 _b141, 15/11/2011, Sunrise Books
_cTextual
040 _aCRL
_cCRL
_beng
041 _2eng
_aeng
082 _aV44Q7:19(C9B3).P1, Q0
100 _aButt Usama Ed.
_931653
245 0 _aPakistan's quagmire
_b Security, strategy and the future of the Islamic nuclear nation
260 _aNew York
_bContinuum USA
_c2010
300 _axiii,282p.
_ccm.
650 _aHISTORY
700 _a Elahi N Ed.
_9614006
942 _hV44Q7:19(C9B3).P1, Q0
_cTEXL
_2cc
999 _c993808
_d993808